000 01291nam a2200253Ia 4500
999 _c48595
_d48595
001 15495
003 GE_BSU
005 20241127144439.0
008 181216s2014||||ge |||||||||||||| ||geo||
020 _a9789941446702
040 _cGE_BSU
041 _ageo
080 _a821.133.1-31 გ-21
100 _aგარი, როჟე მარტენ დიუ
_923802
245 _aჟან ბარუა = Jean Barois :
_bრომანი /
_cროჟე მარტენ დიუ გარი ; ფრანგ. თარგმნა დალი იაშვილმა ; [წინათქმა ანდრე დასპრი].
264 _aთბილისი :
_bინტელექტი,
_c2014.
300 _a380 გვ. ;
_c21 სმ.
490 _aნობელის პრემიის ლაურეატები, 1512-4568 / საგამომცემლო პროექტის ავტორი კახმეგ კუდავა
500 _aთავფურცელი ქართულ და ფრანგულ ენებზე
653 _aჟან ბარუა
653 _aრომანი
700 _aიაშვილი, დალი
_eმთარგმნელი
_97143
942 _cBK
_2udc